000 01162cam a22001934a 4500
005 20250605164222.0
008 250528s ||||||||||||||||||||||||d
035 _a20713
020 _a1902466144
040 _aGR-AtMCL
_bgre
_dGR-AtMCL
_eAACR2
245 1 _aManaging Classroom Behaviour / A Publication Commissioned by the Association of Teachers and Lecturers from Chris Watkins
260 _bATL - The Education Union,
_c1997
300 _a34
520 _aThis book has been published in response to growing concerns about the challenges they face in managing the behavior of children and young people in schools. Preface, Introduction, The ''Big Picture'' on Behavior, Understanding the Classroom, Explaining Difficult Behavior, Why Reactive Approaches are not Effective, A Word About Punishment, What Can I Do about Difficult Behavior in my Classroom?, Classroom Incidents - Aiming to Respond rather than React, Classroom Patterns, A Final Thought, Making Sense of Individual's Behavior, Getting Help from other People, The Wider School Context, Other Resources.
700 1 _aWatkins Chris
_96677
942 _cBK
999 _c5798
_d5798